A quel joueur sont ces cheveux N°1 - Statistiques

Statistiques générales
  • Ce quiz a été pris 601 fois
  • Le résultat moyen est 7 sur 10
Statistiques - réponses
Par images Réponse % Correct
Pogba
94%
Cavani
90%
Neymar
88%
Messi
86%
Muller
72%
Benzema
58%
Griezmann
49%
Zlatan
44%
Rakitic
40%
Pepe
33%
Aucun quiz correspondant
Distribution des résultats
% des personnes avec chaque résultat
Percentile par nombre de réponses
Votre historique - résultats
Vous n’avez pas pris ce quiz